000 00564cam a22001577a 4500
008 180718b1971 xxu||||| |||| 00| 0 eng d
020 _a11 700050 7
082 _aI5515x42 Un3
100 _aAtkinson, Jean
245 _aOffice of population censuses and survey division : handbook for interviewers
_cby Jean Atkinson
260 _aLondon
_bHer Majestry's Stationery
_c1971
300 _a170p
650 _aPublic welfare -- Great Britain
650 _aFamily -- Great Britain -- Case studies
650 _aSingle - parent families -- Great Britain -- Case studies
999 _c410455
_d410455